| 000 | 00587nam a2200181Ia 4500 | ||
|---|---|---|---|
| 008 | 090124s9999 xx 000 0 und d | ||
| 082 |
_b11276 _a2642 |
||
| 100 | _aगाडगीळ अमरेंद्र लक्ष्मण | ||
| 245 | _a ताई व भाऊ | ||
| 250 | _a1 | ||
| 260 | _c1960 | ||
| 300 | _a120 | ||
| 600 | _aगाडगीळ अमरेंद्र लक्ष्मण | ||
| 630 | _a ताई व भाऊ | ||
| 700 | _aगाडगीळ अमरेंद्र लक्ष्मण | ||
| 730 | _a ताई व भाऊ | ||
| 942 | _cBOOK | ||
| 999 |
_c122589 _d122589 |
||